000 01158nas a2200313 4500
001 BR9203996
003 BR-BrBNA
005 20231205092657.0
007 ta
008 230509b bl.|||p| |||| 00| 00por d
040 _aBR-BrBNA
_bpor
_cBiblioteca Nacional de Agricultura
041 _a(Pt)
072 _aM11
100 1 _aGrassi, R.T.B.
100 1 _aSantos, R.A. dos
100 1 _aSeckendorff, R.W. von
100 1 _aMandelli Junior, J.
100 1 _aCamara, J.J.C. da
100 1 _aCampos, E.C.
245 1 _aVariacao sazonal na captura de lula (Doryteuthis plei Blainville, 1823)no sudeste do Brasil, utilizando atracao luminosa e rede corredica
246 1 _aSeasonal variation on the catch os squids (Doryteuthis plei Blainville, 1823)in the southeastern region of Brazil, employing light attraction and sliding net
650 _aLULA
650 _aCAPTURA
650 _aARMADILHA LUMINOSA
650 _aREGIAO SUDESTE
773 0 _tBrazilian Journal of Veterinary Research and Animal Science (Brazil)
_xISSN 0303-7525
_g(1990), v. 27(2) p. 259-265
_wBR9203996
909 _a202311
_bLúcia
_c55
_dLúcia Elande
942 _2AGRIS
_n0
_cANA
999 _c133339
_d133339